GOVERNANCE IN INDIA (Record no. 25251)

MARC details
000 -LEADER
fixed length control field 00288nam a22001457a 4500
003 - CONTROL NUMBER IDENTIFIER
control field SGT
020 ## - INTERNATIONAL STANDARD BOOK NUMBER
International Standard Book Number 8175412003
082 ## - DEWEY DECIMAL CLASSIFICATION NUMBER
Classification number 320.954
Item number LAL
100 ## - MAIN ENTRY--PERSONAL NAME
Personal name LAL AMRIT
245 ## - TITLE STATEMENT
Title GOVERNANCE IN INDIA
250 ## - EDITION STATEMENT
Edition statement 1
260 ## - PUBLICATION, DISTRIBUTION, ETC. (IMPRINT)
Place of publication, distribution, etc DELHI
Name of publisher, distributor, etc SHIPRA
Year of Publication 2004
300 ## - PAGE DESCRIPTION
No. of Pages 206
942 ## - ADDED ENTRY ELEMENTS (KOHA)
Source of classification or shelving scheme Dewey Decimal Classification
Koha item type Books
Holdings
Withdrawn status Lost status Source of classification or shelving scheme Damaged status Not for loan Collection code Home library Current library Shelving location Date acquired Cost, normal purchase price SGTU Total Checkouts Full call number Accession No. (Barcode) Date last seen Bill Date Koha item type
    Dewey Decimal Classification     LAW SGT Science & Social Sciences Library SGT Science & Social Sciences Library Text Book 18/11/2023 160.00 SGTU   320.954 LAL FL3175 18/11/2023 18/11/2023 Books